পশ্চিমবঙ্গের মৃৎশিল্প / (Record no. 38326)
[ view plain ]
| 000 -LEADER | |
|---|---|
| fixed length control field | 00992nam a2200241 a 4500 |
| 001 - CONTROL NUMBER | |
| control field | 38326 |
| 003 - CONTROL NUMBER IDENTIFIER | |
| rucl marc code | BD-RjUL |
| 005 - DATE AND TIME OF LATEST TRANSACTION | |
| control field | 20211209052755.0 |
| 008 - FIXED-LENGTH DATA ELEMENTS--GENERAL INFORMATION | |
| fixed length control field | 151104s2002 ii ||||| b||| 00| 0 ben d |
| 020 ## - INTERNATIONAL STANDARD BOOK NUMBER | |
| International Standard Book Number | 8187360496 |
| 035 ## - SYSTEM CONTROL NUMBER | |
| System control number | (BD-RjUL)38431 |
| 040 ## - CATALOGING SOURCE | |
| Original cataloging agency | BD-RjUL |
| Language of cataloging | ben |
| Transcribing agency | BD-RjUL |
| 041 ## - LANGUAGE CODE | |
| Language code of text/sound track or separate title | ben |
| 082 ## - DEWEY DECIMAL CLASSIFICATION NUMBER | |
| Edition number | 23 |
| Classification number | 738.095414 |
| Author mark and year | GHP 2002 |
| 100 ## - MAIN ENTRY--PERSONAL NAME | |
| Personal name | ঘোষ, দীপঙ্কর |
| 9 (RLIN) | 118454 |
| 245 ## - TITLE STATEMENT | |
| Title | পশ্চিমবঙ্গের মৃৎশিল্প / |
| Statement of responsibility, etc. | দীপঙ্কর ঘোষ |
| 260 ## - PUBLICATION, DISTRIBUTION, ETC. (IMPRINT) | |
| Place of publication, distribution, etc. | কলকাতা : |
| Name of publisher, distributor, etc. | লোকসংস্কৃতি ও আদিবাসী সংস্কৃতি কেন্দ্র, |
| Date of publication, distribution, etc. | ২০০২ |
| 300 ## - PHYSICAL DESCRIPTION | |
| Pagination | ১৬১ পৃ. : |
| Illustrations | চিত্র ; |
| Size | ২২ সেমি. |
| 504 ## - BIBLIOGRAPHY, ETC. NOTE | |
| Bibliography, etc | গ্রন্থপঞ্জি সংযুক্ত |
| 650 ## - SUBJECT ADDED ENTRY--TOPICAL TERM | |
| Topical term or geographic name as entry element | মৃৎশিল্প |
| Geographic subdivision | ভারত |
| -- | পশ্চিমবঙ্গ |
| 9 (RLIN) | 118455 |
| Topical term or geographic name as entry element | Pottery -- India -- West Bengal. |
| 9 (RLIN) | 118456 |
| 942 ## - ADDED ENTRY ELEMENTS (KOHA) | |
| Source of classification or shelving scheme | Dewey Decimal Classification |
| Koha item type | Books |
| Lost status | Source of classification or shelving scheme | Damaged status | Not for loan | Collection code | Permanent Location | Current Location | Shelving location | Date acquired | Source of acquisition | Cost, normal purchase price | Total Checkouts | Full call number | Date last seen | Date checked out | Copy number | Koha item type |
|---|---|---|---|---|---|---|---|---|---|---|---|---|---|---|---|---|
| Dewey Decimal Classification | Non-fiction | Central Library, University of Rajshahi | Central Library, University of Rajshahi | 12/03/2008 | Dhaka, Paragon Enterprises ltd. | 100.00 | 8 | B 738.095414 GHP 2002 | 03/03/2026 | 19/02/2026 | C-2 | Books | ||||
| Dewey Decimal Classification | Non-fiction | Central Library, University of Rajshahi | Central Library, University of Rajshahi | 12/03/2008 | Paragogn Enterprise, Dhaka | 100.00 | B 738.095414 GHP 2002 | 10/08/2016 | C-3 | Books | ||||||
| Dewey Decimal Classification | Non-fiction | Central Library, University of Rajshahi | Central Library, University of Rajshahi | 12/03/2008 | Paragogn Enterprise, Dhaka | 100.00 | B 738.095414 GHP 2002 | 10/08/2016 | C-4 | Books | ||||||
| Dewey Decimal Classification | Non-fiction | Central Library, University of Rajshahi | Central Library, University of Rajshahi | 12/03/2008 | Dhaka,Paragon Enterprise Lit., | 100.00 | 1 | B 738.095414 GHP 2002 | 06/03/2018 | 05/03/2018 | C-5 | Books | ||||
| Dewey Decimal Classification | Not For Loan | Non-fiction | Central Library, University of Rajshahi | Central Library, University of Rajshahi | Reading Room | 12/03/2008 | Paragogn Enterprise, Dhaka | 100.00 | B 738.095414 GHP 2002 | 24/01/2017 | C-1 | Books |